| 000 | 00602nam a2200205 i 4500 | ||
|---|---|---|---|
| 001 | 51181 | ||
| 003 | ES-MaACL | ||
| 005 | 20230906162320.0 | ||
| 007 | t| | ||
| 008 | 030811s1969 sp ||||1| spa d | ||
| 100 | 1 |
_aChesneaux, Jean. _938388 |
|
| 245 | 1 | 0 |
_aAsia Oriental en los siglos XIX-XX / _cJean Chesneaux ; [traducción por Pilar Siver]. |
| 260 |
_aBarcelona : _bLabor, _c1969. |
||
| 300 |
_aXXIV, 315 p. : _bil. ; _c20 cm. |
||
| 490 | 1 | _aNueva clío | |
| 700 | 1 |
_aSiver, Pilar. _9106722 |
|
| 830 | 0 |
_aNueva clío _9182610 |
|
| 852 |
_aES-MaACL _jC-36017 _bR.69107 |
||
| 999 |
_c51181 _d51181 |
||